LEADER 01685nas 2200529-a 450 001 996215325603316 005 20220220213024.0 035 $a(DE-599)ZDB2419673-3 035 $a(OCoLC)214113393 035 $a(CKB)1000000000378392 035 $a(CONSER)--2008262118 035 $a(EXLCZ)991000000000378392 100 $a20080326b20082018 --- - 101 0 $aeng 135 $aur||||||||||| 181 $ctxt$2rdacontent 182 $cc$2rdamedia 183 $acr$2rdacarrier 200 00$aBioscience horizons 210 $aOxford $cOxford Journals, Oxford University Press 300 $aRefereed/Peer-reviewed 300 $a"Undergraduate bioscience research from the UK and Republic of Ireland." 311 $a1754-7431 531 $aBIOSCI HORIZ 606 $aLife sciences$xResearch$zGreat Britain$vPeriodicals 606 $aBiological Science Disciplines$xresearch 606 $aSciences de la vie$xRecherche$zGrande-Bretagne$vPériodiques 606 $aLife sciences$xResearch$2fast$3(OCoLC)fst00998339 607 $aUnited Kingdom 607 $aGreat Britain$2fast 608 $aPeriodical 608 $aFulltext. 608 $aInternet Resources. 608 $aPeriodicals. 608 $aperiodicals.$2aat 608 $aPeriodicals.$2fast 608 $aPeriodicals.$2lcgft 608 $aPériodiques.$2rvmgf 610 $aBiology - General 615 0$aLife sciences$xResearch 615 2$aBiological Science Disciplines$xresearch 615 6$aSciences de la vie$xRecherche 615 7$aLife sciences$xResearch. 906 $aJOURNAL 912 $a996215325603316 996 $aBioscience horizons$92426372 997 $aUNISA LEADER 02460nam 2200649Ia 450 001 9910971843903321 005 20251116180819.0 010 $a0-262-31392-8 010 $a1-299-45773-8 010 $a0-262-31391-X 024 8 $aebc3339607 035 $a(CKB)2550000001018772 035 $a(EBL)3339607 035 $a(SSID)ssj0000860237 035 $a(PQKBManifestationID)11503660 035 $a(PQKBTitleCode)TC0000860237 035 $a(PQKBWorkID)10898135 035 $a(PQKB)11411907 035 $a(MiAaPQ)EBC3339607 035 $a(OCoLC)836864194$z(OCoLC)961654358$z(OCoLC)962648551$z(OCoLC)990481694 035 $a(OCoLC-P)836864194 035 $a(MaCbMITP)9339 035 $a(Au-PeEL)EBL3339607 035 $a(CaPaEBR)ebr10686951 035 $a(CaONFJC)MIL477023 035 $a(OCoLC)836864194 035 $a(EXLCZ)992550000001018772 100 $a20121205h20132013 uy 0 101 0 $aeng 135 $aur|n|---||||| 181 $ctxt 182 $cc 183 $acr 200 10$aExplaining the computational mind /$fMarcin Milkowski 205 $a1st ed. 210 $aCambrid, Massachusetts $cMIT Press$dc2013 215 $a1 online resource (257 p.) 300 $aDescription based upon print version of record. 311 08$a0-262-01886-1 320 $aIncludes bibliographical references (p. 209-232) and index. 327 $aContents; Preface; Acknowledgments; 1 Computation in Cognitive Science: Four Case Studies and a Funeral; 2 Computational Processes; 3 Computational Explanation; 4 Computation and Representation; 5 Limits of Computational Explanation; Notes; References; Index 330 8 $aIn this work, Marcin Milkowski argues that the mind can be explained computationally because it is itself computational - whether it engages in mental arithmetic, parses natural language, or processes the auditory signals that allow us to experience music. 606 $aCognitive neuroscience$xData processing 606 $aComputational neuroscience 606 $aComputational complexity 615 0$aCognitive neuroscience$xData processing. 615 0$aComputational neuroscience. 615 0$aComputational complexity. 676 $a612.8/233 700 $aMi?kowski$b Marcin$01898622 801 0$bMiAaPQ 801 1$bMiAaPQ 801 2$bMiAaPQ 906 $aBOOK 912 $a9910971843903321 996 $aExplaining the computational mind$94556442 997 $aUNINA